<?xml version='1.0' encoding='UTF-8'?>
  <record xmlns="http://www.loc.gov/MARC21/slim">
    <leader>00000cam a22000007i 4500</leader>
    <controlfield tag="001">ocm65959734</controlfield>
    <controlfield tag="003">OCoLC</controlfield>
    <controlfield tag="005">20250209012824.3</controlfield>
    <controlfield tag="008">920410s1632    ne            000 0 dut d</controlfield>
    <datafield tag="040" ind1=" " ind2=" ">
      <subfield code="a">NLGGC</subfield>
      <subfield code="b">dut</subfield>
      <subfield code="e">fobidrtb</subfield>
      <subfield code="c">NLGGC</subfield>
      <subfield code="d">QGJ</subfield>
      <subfield code="d">OCLCA</subfield>
      <subfield code="d">OCLCO</subfield>
      <subfield code="d">OCLCA</subfield>
      <subfield code="d">OCLCL</subfield>
      <subfield code="d">OCLCQ</subfield>
    </datafield>
    <datafield tag="026" ind1=" " ind2=" ">
      <subfield code="e">163208 - b1 A2 n$ : b2 M3 nesen$ (stcnf)</subfield>
    </datafield>
    <datafield tag="029" ind1="0" ind2=" ">
      <subfield code="a">NLGGC</subfield>
      <subfield code="b">092012418</subfield>
    </datafield>
    <datafield tag="035" ind1=" " ind2=" ">
      <subfield code="a">(OCoLC)65959734</subfield>
    </datafield>
    <datafield tag="100" ind1="1" ind2=" ">
      <subfield code="a">Jacobs, Heyman,</subfield>
      <subfield code="d">fl. 1596-1645.</subfield>
      <subfield code="1">https://id.oclc.org/worldcat/entity/E39PCjCP3dPWRmgCrkQGWgxgPP</subfield>
    </datafield>
    <datafield tag="245" ind1="1" ind2="4">
      <subfield code="a">Het schat der armen oft een medecijn boecxken, dienstelijck voor alle menschen, inhoudende hoemen zijn gesontheyt onderhouden sal. Daer by veelderhande simpele remedien en medicamenten, om veelderhande siecten met cleyne costen seer lichtelijck te ghenesen /</subfield>
      <subfield code="c">opera Heym. Jacobi.</subfield>
    </datafield>
    <datafield tag="260" ind1=" " ind2=" ">
      <subfield code="a">Te Haerlem :</subfield>
      <subfield code="b">gedruckt by Vincent Casteleyn, woonende aent Marctvelt in de Boeckdruckery int Suyckerhuys,</subfield>
      <subfield code="c">1632</subfield>
    </datafield>
    <datafield tag="300" ind1=" " ind2=" ">
      <subfield code="a">182, [1] p.</subfield>
      <subfield code="c">in-8 (15 cm)</subfield>
    </datafield>
    <datafield tag="336" ind1=" " ind2=" ">
      <subfield code="a">tekst</subfield>
      <subfield code="b">txt</subfield>
      <subfield code="2">rdacontent/dut</subfield>
    </datafield>
    <datafield tag="337" ind1=" " ind2=" ">
      <subfield code="a">zonder medium</subfield>
      <subfield code="b">n</subfield>
      <subfield code="2">rdamedia/dut</subfield>
    </datafield>
    <datafield tag="338" ind1=" " ind2=" ">
      <subfield code="a">band</subfield>
      <subfield code="b">nc</subfield>
      <subfield code="2">rdacarrier/dut</subfield>
    </datafield>
    <datafield tag="500" ind1=" " ind2=" ">
      <subfield code="a">Impressum: Te Haerlem. Gedruckt by Vincent Gasteleyn, woonende aent Marctvelt in de Boeckdruckery int Suyckerhuys, anno 1632.</subfield>
    </datafield>
    <datafield tag="510" ind1="0" ind2=" ">
      <subfield code="a">BMN I: 170</subfield>
    </datafield>
    <datafield tag="510" ind1="4" ind2=" ">
      <subfield code="a">Short title catalogue Netherlands,</subfield>
      <subfield code="c">056921500</subfield>
    </datafield>
    <datafield tag="710" ind1="0" ind2=" ">
      <subfield code="a">Casteleyn, Vincent (I, Haarlem)</subfield>
      <subfield code="4">prt</subfield>
    </datafield>
    <datafield tag="758" ind1=" " ind2=" ">
      <subfield code="a">Het schat der armen, oft Een medecijn-boecxken (Text)</subfield>
      <subfield code="1">https://id.oclc.org/worldcat/entity/E39PCGtM4JrhBdDwjVtQYbMRXd</subfield>
      <subfield code="4">https://id.oclc.org/worldcat/ontology/hasWork</subfield>
    </datafield>
    <datafield tag="936" ind1=" " ind2=" ">
      <subfield code="a">BATCHLOAD</subfield>
    </datafield>
  </record>